|
|
|
|
| LEADER |
00000nam0a2200000 4500 |
| 001 |
130432 |
| 005 |
20231031133907.0 |
| 020 |
|
|
|a RU
|b 89-57157
|
| 035 |
|
|
|a (RuTPU)RU\TPU\book\141265
|
| 090 |
|
|
|a 130432
|
| 100 |
|
|
|a 20080204d1989 k a0rusy5003 ca
|
| 101 |
0 |
|
|a rus
|
| 102 |
|
|
|a RU
|
| 105 |
|
|
|a a z 001zy
|
| 200 |
1 |
|
|a Формирование и свойства высокодисперсных систем
|e межвузовский сборник научных статей
|f Ленинградский технологический институт им. Ленсовета (ЛТИ) ; под ред. А. М. Липанова, А. С. Дудырева
|
| 210 |
|
|
|a Ленинград
|c ЛТИ
|d 1989
|
| 215 |
|
|
|a 212 с.
|c ил.
|
| 320 |
|
|
|a Библиография в конце статей
|
| 610 |
1 |
|
|a дисперсные системы
|
| 610 |
1 |
|
|a формирование
|
| 610 |
1 |
|
|a свойства
|
| 610 |
1 |
|
|a высокодисперсные системы
|
| 610 |
1 |
|
|a сборники
|
| 675 |
|
|
|a 544.77
|v 3
|
| 702 |
|
1 |
|a Липанов
|b А. М.
|g Алексей Михайлович
|4 340
|
| 702 |
|
1 |
|a Дудырев
|b А. С.
|4 340
|
| 712 |
0 |
2 |
|a Ленинградский технологический институт им. Ленсовета (ЛТИ)
|2 stltpush
|3 (RuTPU)RU\TPU\col\1462
|
| 801 |
|
0 |
|a RU
|b RuMRKP
|c 19950417
|g psbo
|
| 801 |
|
1 |
|a RU
|b 63413507
|c 20080204
|g PSBO
|
| 801 |
|
2 |
|a RU
|b 63413507
|c 20130823
|g PSBO
|
| 942 |
|
|
|c BK
|